Sports Quiz

Random Sports or Hockey Quiz

10 to 1: Hockey Quiz Stats

 Plays Quiz Updated Dec 14, 2017

Challenge
Share
Tweet
Embed
Score 0/55 Timer 10:00
3 Plays Today
% Correct
Gretzky
96.8%
Howe
95.3%
Lemieux
94%
High-Sticking
93.5%
Fighting
93.4%
Hooking
93.3%
Hasek
92.8%
Interference
92.7%
Roughing
92.5%
Charging
92.4%
Tripping
92.1%
Cross-Checking
92.1%
Messier
91.8%
Roy
91.5%
Kneeing
91.4%
Hull
90.8%
Penalty Shot
90.5%
Empty Net
90.4%
Power Play
90.2%
Glove
89.4%
Canadiens
89.3%
Canucks
88.4%
Blackhawks
88.3%
Pads
88.3%
Orr
88.3%
Panthers
88.2%
Bruins
88%
Red Wings
88%
% Correct
USA
87.9%
Even Strength
87.8%
Canada
87.8%
Shorthanded
87.8%
Predators
87.7%
Soviet Union
87.6%
Sabres
87.2%
Maple Leafs
87.1%
Sharks
86.9%
Jets
86.4%
Rangers
86.3%
Golden Knights
86.3%
Sweden
85.9%
Richard
85.6%
Lord Stanley of Preston
85.4%
Blocker
84.9%
Blues
84.8%
Bowman
84.6%
Dionne
82.4%
Japan
81.5%
Czech Republic
81.2%
China
76.9%
Romania
74.1%
Arbour
73%
Norway
67.3%
Unified Team (CIS)
62.2%
Great Britain
48.1%

You're not logged in!

Compare scores with friends on all Sporcle quizzes.
Join for Free
OR
Log In

You Might Also Like...

Show Comments

Extras

Top Quizzes Today


Score Distribution

Your Account Isn't Verified!

In order to create a playlist on Sporcle, you need to verify the email address you used during registration. Go to your Sporcle Settings to finish the process.

Report this User

Report this user for behavior that violates our Community Guidelines.

Details: